000 00460nam a2200205Ia 4500
008 210210b xxu||||| |||| 00| 0 eng d
041 _aeng
082 _a335/374
100 _a-
245 _aMemorandum on agricological development in India
260 _aDelhi
_b-
_c
650 _aon
650 _aMemorandum
650 _aIndia
650 _ain
650 _adevelopment
650 _aagricological
690 _aIndian Economics
906 _a004716
999 _c127735
_d127735